Czy zgadniesz filmy animowane po roku wydania? - Statystyki

Ogólne statystyki
  • Ten quiz został rozwiązany 150 razy
  • Średni wynik to 45 z 164
Statystyki odpowiedzi
Rok Odpowiedź % Poprawnych
2001 Shrek
76%
2004 Shrek 2
66%
1995 Toy Story
66%
1937 Królewna Śnieżka
65%
1950 Kopciuszek
64%
2013 Kraina lodu
64%
1994 Król Lew
61%
2005 Madagaskar
60%
2006 Auta
59%
2004 Iniemamocni
56%
1998 Mulan
55%
1991 Piękna i bestia
55%
1999 Toy Story 2
55%
2010 Toy Story 3
55%
2011 Auta 2
52%
2017 Auta 3
52%
2010 Jak wytresować smoka
51%
1959 Śpiąca królewna
51%
2001 Potwory i spółka
50%
2003 Gdzie jest Nemo?
49%
1992 Aladyn
48%
2008 Kung fu panda
48%
2008 Madagaskar 2
48%
1989 Mała Syrenka
48%
1995 Pocahontas
48%
2010 Shrek forever
48%
2019 Toy Story 4
48%
2010 Zaplątani
48%
2002 Epoka lodowcowa
47%
2015 Minionki
47%
2012 Madagaskar 3
45%
2012 Merida Waleczna
45%
2016 Gdzie jest Dory?
44%
2014 Jak wytresować smoka 2
44%
2009 Odlot
44%
1961 101 Dalmatyńczyków
43%
2019 Jak wytresować smoka 3
43%
1967 Księga Dżungli
43%
2017 Coco
42%
2006 Epoka lodowcowa 2
42%
2009 Epoka lodowcowa 3
42%
2015 W głowie się nie mieści
42%
1942 Bambi
41%
2013 Uniwersytet Potworny
41%
2016 Vaiana
41%
1955 Zakochany kundel
41%
1941 Dumbo
40%
2012 Epoka lodowcowa 4
40%
2011 Kot w butach
40%
2011 Kung fu Panda 2
40%
2016 Kung fu Panda 3
40%
2018 Iniemamocni 2
39%
2009 Księżniczka i Żaba
39%
2012 Ralph Demolka
39%
2007 Ratatuj
39%
2008 WALL-E
39%
2016 Epoka lodowcowa 5
36%
2014 Pingwiny z Madagaskaru
36%
1940 Pinokio
36%
2016 Zwierzogród
36%
2010 Jak ukraść księżyc
35%
1953 Piotruś pan
35%
2007 Shrek trzeci
35%
1998 Dawno temu w trawie
34%
1999 Tarzan
34%
1951 Alicja w krainie czarów
33%
2013 Samoloty
32%
2017 Gru, Dru i Minionki
31%
1997 Herkules
31%
2012 Hotel Transylwania
30%
2003 Mój brat niedźwiedź
30%
1998 Mrówka Z
30%
1996 Dzwonnik z Notre Dame
28%
2007 Film o pszczołach
28%
2011 Smerfy
28%
2005 Kurczak mały
26%
2008 Piorun
26%
2016 Trolle
26%
1940 Fantazja
25%
2013 Krudowie
25%
2016 Sing
25%
2015 Hotel Transylwania 2
24%
2013 Minionki rozrabiają
24%
2002 Mustang z dzikiej doliny
24%
2000 Nowe szaty króla
24%
2017 Dzieciak rządzi
23%
2014 Lego: Przygoda
23%
2018 Ralph Demolka w internecie
23%
2016 Sekretne życie zwierzaków domowych
23%
2014 Wielka szóstka
23%
2015 Dobry dinozaur
22%
2018 Hotel Transylwania 3
22%
2009 Potwory kontra Obcy
22%
2011 Rio
22%
2014 Rio 2
22%
2014 Samoloty 2
22%
2010 Megamocny
20%
2006 Skok przez płot
20%
1998 Książę Egiptu
19%
2013 Smerfy 2
19%
2018 Spider-Man: Uniwersum
19%
2000 Droga do El Dorado
18%
2017 Lego Batman
18%
2002 Planeta skarbów
18%
2004 Rybki z ferajny
18%
2001 Atlantyda - Zaginiony ląd
17%
2015 Dom
17%
2017 Emotki
17%
2013 Turbo
17%
2005 Roboty
16%
2012 Strażnicy Marzeń
16%
2018 Grinch
15%
2019 Lego: Przygoda 2
15%
2009 Opowieść Wigilijna
15%
2004 Rogate ranczo
15%
2019 Sekretne życie zwierzaków domowych 2
15%
2006 Dżungla
14%
2006 Sezon na misia
14%
1997 Anastazja
13%
2002 Lilo i Stitch
13%
2016 Angry Birds
11%
2017 Lego Ninjago
11%
2007 Na fali
11%
2014 Pan Peabody i Sherman
11%
2006 Happy feet
10%
2009 Klopsiki i inne zjawiska pogodowe
10%
2012 Lorax
10%
1993 Miasteczko Halloween
10%
2007 Rodzinka Robinsonów
10%
2006 Artur i Minimki
9%
1999 Fantazja 2000
9%
2017 Fernando
9%
2015 Mały książe
9%
2000 Dinozaur
8%
2004 Ekspres polarny
8%
2005 Kubuś i Hefalumpy
8%
2011 Kubuś i przyjaciele
8%
2019 Praziomek
8%
2006 Straszny dom
8%
2008 Horton słyszy ktosia
7%
1999 Stalowy Gigant
7%
2011 Happy feet 2
6%
2013 Klopsiki kontratakują
6%
2017 Smerfy: Poszukiwacze zaginionej wioski
6%
2005 Szeregowiec Dolot
6%
2000 Tygrys i przyjaciele
6%
2010 Artur i Minimki 3
5%
2009 Artur i zemsta Maltazara
5%
2012 Frankenweenie
5%
2013 Tajemnica zielonego królestwa
5%
2016 Kubo i dwie struny
3%
2018 Młodzi Tytani: Akcja!
3%
2011 Artur ratuje gwiazdkę
2%
2011 Hop
2%
2018 Jaskiniowiec
2%
2003 Księga Dżungli II
2%
2002 Piotruś Pan: Wielki powrót
2%
2009 Planeta 51
2%
2011 Przygody Tintina
2%
2013 Skubani
2%
2018 Wyspa psów
2%
2008 Dzielny Despero
1%
2016 Czerwony żółw
0%
2005 Gnijące panna młoda
0%
Nie znaleziono quizów pasujących do podanych kryteriów
Rozkład punktacji
Procent ludzi z każdym wynikiem
Percentyl według liczby udzielonych odpowiedzi
Twoja historia wyników
Nie rozwiązałeś tego quizu